00253nam a2200109Ia 4500008004100000041001200041082001100053100001300064245005300077260000600130650000700136221030s9999 xx 000 0 und d aEnglish a105.23 aS NELSON 0aOffice 2000: The Complete Referencecby S NELSON c0 aMc